<?xml version="1.0" encoding="UTF-8"?>
<collection xmlns="http://www.loc.gov/MARC21/slim">
 <record>
  <leader>01706nam a2200325 a 4500</leader>
  <controlfield tag="001">1/47942</controlfield>
  <controlfield tag="008">181024s2017    gr     f b    001 0 gre  </controlfield>
  <datafield tag="020" ind1=" " ind2=" ">
   <subfield code="a">9789603591337</subfield>
  </datafield>
  <datafield tag="035" ind1=" " ind2=" ">
   <subfield code="l">50937</subfield>
  </datafield>
  <datafield tag="040" ind1=" " ind2=" ">
   <subfield code="a">GR-PeUP</subfield>
  </datafield>
  <datafield tag="090" ind1=" " ind2=" ">
   <subfield code="a">332.1 ΣΑΠ</subfield>
  </datafield>
  <datafield tag="100" ind1="1" ind2=" ">
   <subfield code="a">Σαπουντζόγλου, Γεράσιμος Γ.</subfield>
  </datafield>
  <datafield tag="245" ind1="1" ind2="0">
   <subfield code="a">Τραπεζική οικονομική /</subfield>
   <subfield code="c">Γεράσιμος Γ. Σαπουντζόγλου, Χαράλαμπος Ν. Πεντότης.</subfield>
  </datafield>
  <datafield tag="250" ind1=" " ind2=" ">
   <subfield code="a">2η έκδοση (επικαιροποιημένη).</subfield>
  </datafield>
  <datafield tag="260" ind1=" " ind2=" ">
   <subfield code="a">Αθήνα :</subfield>
   <subfield code="b">Μπένου,</subfield>
   <subfield code="c">2017.</subfield>
  </datafield>
  <datafield tag="300" ind1=" " ind2=" ">
   <subfield code="a">831 σ. :</subfield>
   <subfield code="b">εικ., διαγρ. ;</subfield>
   <subfield code="c">30 εκ.</subfield>
  </datafield>
  <datafield tag="504" ind1=" " ind2=" ">
   <subfield code="a">Περιέχει βιβλιογραφία και ευρετήριο.</subfield>
  </datafield>
  <datafield tag="650" ind1=" " ind2="4">
   <subfield code="a">Τράπεζες και τραπεζικές εργασίες.</subfield>
  </datafield>
  <datafield tag="650" ind1=" " ind2="4">
   <subfield code="a">Οικονομική.</subfield>
  </datafield>
  <datafield tag="650" ind1=" " ind2="4">
   <subfield code="a">Bank management.</subfield>
  </datafield>
  <datafield tag="650" ind1=" " ind2="4">
   <subfield code="a">Banks and banking.</subfield>
  </datafield>
  <datafield tag="650" ind1=" " ind2="4">
   <subfield code="a">Τράπεζες</subfield>
   <subfield code="x">Διοίκηση.</subfield>
  </datafield>
  <datafield tag="700" ind1="1" ind2=" ">
   <subfield code="a">Πεντότης, Χαράλαμπος Ν.</subfield>
  </datafield>
  <datafield tag="852" ind1=" " ind2=" ">
   <subfield code="a">INST</subfield>
   <subfield code="b">UNIPILB</subfield>
   <subfield code="c">EUDOXOS</subfield>
   <subfield code="e">20181024</subfield>
   <subfield code="h">332.1 ΣΑΠ</subfield>
   <subfield code="p">00179894</subfield>
   <subfield code="q">00179894</subfield>
   <subfield code="t">EUDOX</subfield>
   <subfield code="y">0</subfield>
   <subfield code="4">1</subfield>
  </datafield>
  <datafield tag="852" ind1=" " ind2=" ">
   <subfield code="a">INST</subfield>
   <subfield code="b">UNIPILB</subfield>
   <subfield code="c">EUDOXOS</subfield>
   <subfield code="e">20181024</subfield>
   <subfield code="h">332.1 ΣΑΠ</subfield>
   <subfield code="p">00179895</subfield>
   <subfield code="q">00179895</subfield>
   <subfield code="t">EUDOX</subfield>
   <subfield code="y">0</subfield>
   <subfield code="4">2</subfield>
  </datafield>
  <datafield tag="852" ind1=" " ind2=" ">
   <subfield code="a">INST</subfield>
   <subfield code="b">UNIPILB</subfield>
   <subfield code="c">EUDOXOS</subfield>
   <subfield code="e">20181024</subfield>
   <subfield code="h">332.1 ΣΑΠ</subfield>
   <subfield code="p">00179896</subfield>
   <subfield code="q">00179896</subfield>
   <subfield code="t">EUDOX</subfield>
   <subfield code="y">0</subfield>
   <subfield code="4">3</subfield>
  </datafield>
  <datafield tag="852" ind1=" " ind2=" ">
   <subfield code="a">INST</subfield>
   <subfield code="b">UNIPILB</subfield>
   <subfield code="c">EUDOXOS</subfield>
   <subfield code="e">20181024</subfield>
   <subfield code="h">332.1 ΣΑΠ</subfield>
   <subfield code="p">00179897</subfield>
   <subfield code="q">00179897</subfield>
   <subfield code="t">EUDOX</subfield>
   <subfield code="y">0</subfield>
   <subfield code="4">4</subfield>
  </datafield>
  <datafield tag="852" ind1=" " ind2=" ">
   <subfield code="a">INST</subfield>
   <subfield code="b">UNIPILB</subfield>
   <subfield code="c">EUDOXOS</subfield>
   <subfield code="e">20181024</subfield>
   <subfield code="h">332.1 ΣΑΠ</subfield>
   <subfield code="p">00179898</subfield>
   <subfield code="q">00179898</subfield>
   <subfield code="t">EUDOX</subfield>
   <subfield code="y">23</subfield>
   <subfield code="4">5</subfield>
  </datafield>
  <datafield tag="852" ind1=" " ind2=" ">
   <subfield code="a">INST</subfield>
   <subfield code="b">UNIPILB</subfield>
   <subfield code="c">MAIN</subfield>
   <subfield code="e">20181024</subfield>
   <subfield code="h">332.1 ΣΑΠ</subfield>
   <subfield code="p">00179899</subfield>
   <subfield code="q">00179899</subfield>
   <subfield code="t">LOAN</subfield>
   <subfield code="y">4</subfield>
   <subfield code="x">20230407</subfield>
   <subfield code="4">7</subfield>
  </datafield>
  <datafield tag="852" ind1=" " ind2=" ">
   <subfield code="a">INST</subfield>
   <subfield code="b">UNIPILB</subfield>
   <subfield code="c">MAIN</subfield>
   <subfield code="e">20181024</subfield>
   <subfield code="h">332.1 ΣΑΠ</subfield>
   <subfield code="p">00179900</subfield>
   <subfield code="q">00179900</subfield>
   <subfield code="t">LOAN</subfield>
   <subfield code="y">0</subfield>
   <subfield code="4">6</subfield>
  </datafield>
 </record>
</collection>
